Rozpočtové prostriedky obce - hospodárenie s nimi

Postavenie a kompetencie obcí. Vnútorné členenie rozpočtu obce. Účastníci rozpočtového procesu.

Enregistré dans:
Détails bibliographiques
Auteur principal: Boráková, Lucia
Format: Chapitre de livre
Langue:slovaque
Sujets:
Tags: Ajouter un tag
Pas de tags, Soyez le premier à ajouter un tag!

MARC

LEADER 00000naa a2200000 4500
001 0210026
005 20231120130645.9
041 0 |a slo 
044 |a SK 
245 1 0 |a Rozpočtové prostriedky obce - hospodárenie s nimi  |c Lucia Boráková 
520 |a Postavenie a kompetencie obcí. Vnútorné členenie rozpočtu obce. Účastníci rozpočtového procesu. 
610 2 0 |a obce 
610 2 0 |a Slovensko 
610 2 0 |a kompetencie 
610 2 0 |a zdroje finančné 
610 2 0 |a pravidlá rozpočtové 
100 1 |a Boráková, Lucia